LEADER 00707nam0 2200253 450 001 000018615 005 20081031124030.0 010 $a052108041X 100 $a20081031d1971----km-y0itay50------ba 101 0 $aeng 102 $aGB 105 $aa-------001yy 200 1 $aProbit analysis$fD. J. Finney 205 $a3rd ed. 210 $aCambridge$cCambridge university press$dc1971 215 $aXV, 333 p.$cill.$d23 cm 500 10$aProbit analysis$932845 610 1 $aTrasformazioni probit 700 1$aFinney,$bDavid John$0492131 801 0$aIT$bUNIPARTHENOPE$c20081031$gRICA$2UNIMARC 912 $a000018615 951 $a200/1$b5173$cNAVA2 996 $aProbit analysis$932845 997 $aUNIPARTHENOPE